000 00319nam a22001337a 4500
008 181105b xxu||||| |||| 00| 0 eng d
020 _a9781591940234
041 _aeng
080 _24th
_a371
100 _a46
101 _aEDU
245 _aTen Steps to Advancing College Reading Skills
_cLangan,J
942 _2udc
_cBK
999 _c51833
_d51833